000 01506nam a22004097a 4500
003 CHAP
005 20220817044225.0
008 080827s2007 mx a r 00010 spa d
010 _a95063
011 _a96035
035 _a106674
040 _cCHAP
090 _aTesis
100 0 0 _aSevilla Díaz, Jorge.
_9105401
245 1 0 _aMicropropagación y análisis fitoquímico de cuachalalate (Amphipterygium adstringens (Schltdl.) Standl.) de la Mixteca Poblana
_c/por Jorge Sevilla Díaz
260 _aChapingo, Méx. :
_bEl autor,
_c2007
300 _axiv, 98 h. :
_bilus., grafs., cuadros
502 _aTesis (M.C. en Horticultura) -- UACH. Departamento de Fitotecnia. Instituto de Horticultura
590 _aALEPH
_b10
_c20130110
_lUCH01
_h1523
590 _aBATCH-UPD
_b10
_c20130110
_lUCH01
_h0332
590 _aBATCH-UPD
_b10
_c20130110
_lUCH01
_h1836
590 _aBATCH-UPD
_b10
_c20130410
_lUCH01
_h0005
590 _aBATCH-UPD
_b10
_c20130914
_lUCH01
_h0323
590 _aCONVERSION
_b10
_c20130109
_lUCH01
_h1353
650 1 4 _aAmphipterygium adstringens.
_95444
650 1 4 _aBotánica médica.
_914680
650 1 4 _aCorteza.
_928309
650 1 4 _aMicropropagación.
_975532
650 1 4 _aQuímica vegetal.
_993602
650 1 4 _aSemillas.
650 1 4 _aYemas.
_9123070
901 _aBK
911 _aen proceso
942 _cFOLL
949 _aTesis
_bBC
_cTES
_d33724002067496
_eTS2
_fc.2
_gDonaciØn
_h47877
_i106674
_sb
949 _aTesis
_bBC
_cTES
_d33724002067538
_eTS1
_gDonaciØn
_h47876
_i106674
_sb
999 _c95063
_d95063